[Event "50th-ITA-ch-Teams-2018"]
[Site "Gallipoli"]
[Date "2018.04.29"]
[Round "4"]
[White "Jobava, Baadur"]
[Black "Vazquez Igarza, Renier"]
[Result "1/2-1/2"]
[WhiteElo "2669"]
[BlackElo "2558"]
[Annotator "TA RC"]
[PlyCount "104"]
[EventDate "2018.??.??"]
[EventType "team-tourn"]
[EventCountry "ITA"]
[SourceTitle "playchess.com"]
[Source "ChessBase"]
[SourceQuality "1"]

{[%evp 9,104,16,18,6,25,32,21,7,13,2,0,-9,2,0,21,-47,-60,-47,-54,-42,-36,-77,-59,-64,-59,-63,0,-70,-55,-95,-83,-89,-94,-89,-83,-94,-84,-99,-95,-102,-99,-99,0,-96,-81,-96,-79,-91,0,-99,-95,-93,-91,-93,-63,-62,0,-91,0,-72,0,-94,0,-91,0,-91,-90,-104,-77,-105,-105,-101,-101,-103,-93,-96,-97,-102,-75,-98,-98,-91,0,-93,0,-93,-97,-112,0,-110,-99,-124,-110,-94,-100,-110,-110]} 1. d4 Nf6 2. Bg5 d5 3. e3 c6 4. Nd2 h6 (4... Bg4 5. Ngf3 Nbd7 6. c4 e6 7. Bd3 Be7 8. Qb3 Qb6 9. Qc2 Bh5 10. O-O Bg6 11. c5 Qd8 12. b4 Bxd3 13. Qxd3 {1-0 (62) Artemiev,V (2692)-Radjabov,T (2742) Tbilisi 2017}) 5. Bxf6 exf6 6. Bd3 {D00: 1 d4 d5: Unusual lines} Be6 $146 ({Predecessor:} 6... Bd6 7. Ngf3 a5 8. O-O Na6 9. a3 Be7 10. c4 dxc4 11. Nxc4 {½-½ (60) Silin,V (2040)-Poletaev,V (2075) ICCF email 2015}) 7. Ne2 Bd6 8. c3 {The position is equal.} f5 9. Qc2 g6 10. h4 h5 11. Nf3 Nd7 12. O-O-O (12. Nf4 $11) 12... Nf6 $15 13. g3 Qe7 14. Nf4 Bd7 15. Kb1 b5 16. Ng5 Ne4 17. Ngh3 Nf6 (17... O-O $15) 18. Rhe1 (18. Ng5 $11) 18... O-O 19. Bf1 Rfe8 20. Nd3 a5 21. Nhf4 Kg7 22. Bg2 Rab8 23. Ka1 Ne4 24. Rc1 Bc8 25. Red1 Bd7 ({Black should play} 25... Ba6 $17) 26. Qe2 (26. Re1 $1 $11) 26... Nf6 27. Qe1 Ng4 28. Bf3 Nf6 (28... Bc8 $17) 29. Rc2 (29. Bg2 $1 $11 {keeps the balance.}) 29... Bc8 30. Rdc1 Qa7 31. Bd1 Bd7 32. Re2 Bc8 33. Rec2 $1 Bd7 (33... Ba6 $17) 34. Kb1 (34. Re2 $1 $11) 34... Bc8 (34... Qc7 $17) 35. Bf3 (35. Ka1 $1 $11) 35... Qe7 (35... Ba6 $17) 36. Rd1 (36. Ka1 $1 $11) 36... Bd7 ({Black should try} 36... Ra8 $17) 37. Ne2 (37. Ka1 $1 $11) 37... Ne4 $17 38. Nec1 Qd8 39. Nb3 Qb6 40. Rdc1 Bc8 41. Be2 Qd8 42. Nd2 Nf6 43. Nf3 Ng4 44. Qd2 Qe7 45. Bf1 Qd8 (45... Qa7 $17) 46. Ka1 (46. Be2 $1 $11) 46... Qe7 ({Better is} 46... Nf6 $17) 47. Re1 (47. Kb1 $1 $11 {remains equal.}) 47... Qa7 48. Rcc1 Qe7 (48... Nf6 $17) 49. Be2 (49. Rc2 $1 $11) 49... Ba6 {Black is better.} 50. Bd1 Rec8 51. Be2 Nf6 52. Ng5 Re8 {Precision: White = 32%, Black = 54%.} 1/2-1/2

[Event "50th-ITA-ch-Teams-2018"]
[Site "Gallipoli"]
[Date "2018.04.29"]
[Round "4"]
[White "Shytaj, Luca"]
[Black "Brunello, Sabino"]
[Result "1/2-1/2"]
[WhiteElo "2454"]
[BlackElo "2540"]
[Annotator "TA"]
[PlyCount "32"]
[EventDate "2018.??.??"]
[EventType "team-tourn"]
[EventCountry "ITA"]
[SourceTitle "playchess.com"]
[Source "ChessBase"]
[SourceQuality "1"]

{[%evp 20,32,8,6,18,8,20,0,0,0,26,0,0,0,0]} 1. d4 Nf6 2. Bf4 d5 3. Nf3 e6 4. e3 c5 5. c3 Nc6 6. Nbd2 Bd6 7. Bg3 O-O 8. Bb5 {D02: 1 d4 d5 2 Nf3 sidelines, including 2...Nf6 3 g3 and 2...Nf6 3 Bf4} a6 (8... Be7 9. Bd3 b6 10. O-O Bb7 11. h3 Bd6 12. Bh4 Be7 13. Qb1 h6 14. a3 Nh5 15. Bxe7 Qxe7 {½-½ (64) Carlsen,M (2837)-Wang,H (2709) Riadh 2017}) 9. Bxc6 bxc6 10. Qa4 cxd4 11. cxd4 {LiveBook: 3 Games} ({Wrong is} 11. Qxc6 $2 {[#]} Bxg3 $3 {[%mdl 512]} 12. hxg3 (12. Qxa8 $2 {perishes.} dxe3 13. Qa7 Bxf2+ 14. Ke2 Ne4 $19) 12... dxe3 $19) 11... Be7 $146 ({Predecessor:} 11... Rb8 12. Qc2 a5 13. Ne5 Ba6 14. Nxc6 Rc8 15. Rc1 Qd7 16. Bxd6 Qxd6 {1-0 (36) Wei,Y (2707)-Tregubov,P (2585) Doha 2016}) 12. Ne5 Bd7 13. Nxc6 Bxc6 14. Qxc6 Qa5 {[#] And now ...Ne4 would win.} 15. Qc7 (15. Bc7 $5 {[%cal Rc7a5]} Rac8 16. Bxa5 Rxc6 17. Bc3 $14) 15... Qb4 $1 16. Qc3 $1 Qxc3 1/2-1/2

[Event "50th-ITA-ch-Teams-2018"]
[Site "Gallipoli"]
[Date "2018.04.29"]
[Round "4"]
[White "Garcia Palermo, Carlos"]
[Black "Vocaturo, Daniele"]
[Result "1/2-1/2"]
[WhiteElo "2404"]
[BlackElo "2616"]
[Annotator "TA"]
[PlyCount "89"]
[EventDate "2018.??.??"]
[EventType "team-tourn"]
[EventCountry "ITA"]
[SourceTitle "playchess.com"]
[Source "ChessBase"]
[SourceQuality "1"]

{[%evp 19,89,0,0,-2,1,0,64,58,76,70,90,70,58,63,178,177,175,185,185,175,170,183,173,170,183,183,177,160,177,177,177,178,168,172,181,154,179,105,105,112,116,106,113,113,111,112,120,100,120,112,116,98,110,96,174,162,151,12,12,12,12,12,12,12,12,8,8,8,8,8,12,0]} 1. c4 c5 2. g3 g6 3. Bg2 Bg7 4. Nf3 Nc6 5. Nc3 d6 6. O-O e6 7. e3 Nge7 8. d4 O-O 9. b3 Nf5 {A37: Symmetrical English vs ...g6: 4 Bg2 Bg7 5 Nf3} (9... Re8 10. Bb2 cxd4 11. Nxd4 Nxd4 12. exd4 d5 13. cxd5 exd5 14. Re1 Be6 15. Ne2 Nf5 16. Nf4 Qb6 17. Nxd5 Bxd5 18. Bxd5 Nxd4 19. Bxd4 Rxe1+ 20. Qxe1 Bxd4 {½-½ (36) Moussard,J (2576)-Bauer,C (2628) Cappelle-la-Grande 2018}) 10. Ne2 e5 {[%cal Rc5d4] LiveBook: 3 Games} 11. dxe5 dxe5 {[#] And now ...e4 would win.} 12. Nd2 {[%cal Bf3d2,Bd2e4,Be4c5][%mdl 32]} Qe7 $146 (12... Nd6 $11) ({Predecessor:} 12... Qc7 13. Nc3 Be6 14. Bb2 Rad8 15. Qe2 h6 16. Rfd1 Nd6 17. Nd5 Bxd5 18. Bxd5 {1-0 (24) Tukubayev,K (2189)-Ginosyan,R (1998) Izhevsk 2014}) 13. Nc3 $14 Be6 14. Bxc6 bxc6 15. Nde4 Rfd8 16. Qe2 Nd4 ({Black should try} 16... Nd6 $14) 17. exd4 $18 exd4 18. Bg5 f6 19. Nxc5 $1 dxc3 20. Qxe6+ Qxe6 21. Nxe6 fxg5 22. Nxd8 Rxd8 {[%mdl 4096] Endgame KRR-KRB} 23. Rfd1 Bd4 {Strongly threatening ...c2.} 24. Rac1 c5 25. Kf1 Rf8 {[#]} 26. Rc2 $1 a5 27. Rd3 Ra8 28. Rcxc3 (28. Ke2 $18) 28... Bxc3 $16 29. Rxc3 $18 {KR-KR} a4 30. Rd3 axb3 31. axb3 h6 32. Rd6 Kf7 33. Rb6 Ra2 34. Rb5 Rb2 35. g4 Kf6 36. Kg2 h5 (36... Kf7 $16 {was worth a try.} 37. h3 (37. Rxc5 Rxb3 38. Rc8 Rc3 $16) 37... Kf6) 37. gxh5 gxh5 38. h4 (38. h3 $16) 38... gxh4 $11 {The position is equal.} 39. Rxc5 h3+ $1 40. Kxh3 Rxb3+ 41. Kg2 Rc3 42. Rc7 h4 43. Rc8 Ke7 44. f3 h3+ 45. Kxh3 {Precision: White = 72%, Black = 54%.} 1/2-1/2

[Event "50th-ITA-ch-Teams-2018"]
[Site "Gallipoli"]
[Date "2018.04.29"]
[Round "4"]
[White "Collutiis, Duilio"]
[Black "Amato, Andrea"]
[Result "1-0"]
[WhiteElo "2387"]
[BlackElo "2299"]
[Annotator "TA"]
[PlyCount "75"]
[EventDate "2018.??.??"]
[EventType "team-tourn"]
[EventCountry "ITA"]
[SourceTitle "playchess.com"]
[Source "ChessBase"]
[SourceQuality "1"]

{[%evp 21,75,40,54,44,44,53,47,16,51,17,159,150,131,15,7,1,138,116,286,261,264,253,452,417,398,85,598,607,581,619,608,585,559,345,525,395,590,278,289,272,608,604,589,587,648,662,694,729,725,633,808,808,808,808,795,765]} 1. e4 {[%cal Be2e4,Be4e5][%mdl 32]} e6 2. d4 d5 3. Nd2 Nf6 4. e5 Nfd7 5. c3 c5 6. Bd3 Nc6 7. Ne2 a5 {[%cal Ba7a5,Ba5a4][%mdl 32]} 8. f4 {C06: French Tarrasch: 3...Nf6 4 e5 Nfd7 5 Bd3 main lines} (8. O-O Be7 9. f4 cxd4 10. cxd4 Nb6 11. Nf3 Bd7 12. g4 a4 13. f5 Nb4 14. Ng3 Nxd3 15. Qxd3 g6 {1-0 (36) Navara,D (2718)-Bischoff,K (2504) Germany 2014}) 8... a4 9. a3 cxd4 10. cxd4 Nb6 11. O-O Be7 {LiveBook: 3 Games} 12. Kh1 $146 ({Predecessor:} 12. Nf3 Na5 13. g4 Nb3 14. Rb1 Nc4 15. f5 Nxc1 16. Qxc1 {0-1 (47) Ikeda,J (2403)-Gomez,J (2524) Pattaya 2015}) 12... Bd7 13. Rb1 Na5 14. Nf3 Nbc4 15. g4 h5 (15... Nb3 $11) 16. gxh5 $16 Rxh5 17. Ng3 ({White should play} 17. Rg1 $16) 17... Rh8 $1 $11 18. f5 Bh4 (18... Nb3 $11 {remains equal.}) 19. fxe6 $16 Bxg3 $2 {[#]} (19... Bxe6 $16 20. Nf5 Bxf5 21. Bxf5 Nb3) 20. exd7+ $18 Qxd7 21. Ng5 Bxh2 $2 ({Much weaker is} 21... Rxh2+ $6 22. Kg1 $16) (21... Nb3 {keeps fighting.}) 22. Kg2 Nb3 23. Qf3 $2 (23. Rxf7 $18 {is more deadly.} Qc6 24. Rxg7) 23... Nbd2 $2 {[%mdl 8192]} (23... Ra6 $16 {keeps some hope.}) 24. Bxd2 Nxd2 25. Qe2 Nc4 {Threatening ...Ne3+!} 26. Rxf7 Qc6 27. Rf3 O-O-O (27... Bxe5 $142 28. Rg3 Qh6) 28. Rh1 Qh6 (28... Bf4 $142) 29. Nh3 (29. Nf7 $142 Qh5 30. Nxh8 Qg4+ 31. Kf2 (31. Kf1 Nd2+ 32. Kf2 Qh4+ 33. Kg2 Qg5+ 34. Kf2 Rxh8 $17) 31... Qxd4+ 32. Kf1) 29... Nd2 {[#]} 30. Re3 $1 ({Weaker is} 30. Rxh2 Nxf3 31. Qxf3 Rdf8 $14) 30... Bf4 $2 (30... Nc4 31. Bxc4 dxc4 32. Rxh2 Rxd4) 31. Qg4+ {White is clearly winning.} Kb8 32. Qxf4 g5 33. Qf6 Rdf8 34. Qxh6 Rxh6 35. Rd1 g4 36. Rxd2 gxh3+ 37. Rxh3 Rg8+ 38. Kh2 {Precision: White = 50%, Black = 28%.} 1-0

[Event "50th-ITA-ch-Teams-2018"]
[Site "Gallipoli"]
[Date "2018.04.29"]
[Round "4"]
[White "Ashiku, Franc"]
[Black "Krasenkow, Michal"]
[Result "0-1"]
[WhiteElo "2380"]
[BlackElo "2626"]
[Annotator "TA"]
[PlyCount "64"]
[EventDate "2018.??.??"]
[EventType "team-tourn"]
[EventCountry "ITA"]
[SourceTitle "playchess.com"]
[Source "ChessBase"]
[SourceQuality "1"]

{[%evp 19,64,24,34,2,20,0,0,0,4,0,0,0,3,-6,-17,-13,6,-48,-47,-34,-48,-43,-49,-45,-44,-43,-39,-127,-102,-202,-199,-432,-405,-429,-417,-604,-588,-813,-810,-806,-795,-792,-748,-801,-770,-806,-586]} 1. Nf3 d6 2. d4 Nf6 3. g3 g6 4. Bg2 Bg7 5. O-O O-O 6. b3 a5 7. Bb2 a4 8. c4 axb3 9. axb3 Rxa1 10. Bxa1 c6 {LiveBook: 7 Games. A49: 1 d4 Nf6 2 Nf3 g6 3 g3: Anti-King's Indian systems} 11. Qc1 Na6 12. Qa3 $146 ({Predecessor:} 12. Nbd2 d5 13. Ne5 Be6 14. Qa3 Qd6 15. Qa5 {½-½ (62) Mamedyarov,S (2674)-Kasimdzhanov,R (2670) Baku 2005}) 12... Bf5 {The position is equal.} 13. Nbd2 Ne4 14. Nxe4 Bxe4 15. Bc3 d5 16. Ne5 Bxg2 17. Kxg2 c5 18. e3 (18. dxc5 $11 Qc7 19. Qb2) 18... Bxe5 19. dxe5 dxc4 20. bxc4 Qd3 21. Qb3 Qe4+ 22. Kg1 Nc7 23. Bb2 {[#]} (23. Qb1 $15 Qc6 24. Qb3) 23... Rd8 $1 $17 24. e6 (24. Bc1 $17) 24... Nxe6 $19 {...Ng5 is the strong threat.} 25. Rd1 $2 (25. Qc3 f6 26. f3) 25... Rxd1+ 26. Qxd1 Qxc4 27. Qd7 (27. h4 $142 Qa2 28. Qa1 Qxa1+ 29. Bxa1) 27... Qb4 {Black is clearly winning.} 28. Qe8+ Nf8 29. Bh8 Qb1+ 30. Kg2 Qe4+ 31. Kf1 f6 32. h4 Qc4+ {Precision: White =  9%, Black = 77%.} 0-1

[Event "50th-ITA-ch-Teams-2018"]
[Site "Gallipoli"]
[Date "2018.04.30"]
[Round "5"]
[White "Jobava, Baadur"]
[Black "Vallejo Pons, Francisco"]
[Result "0-1"]
[WhiteElo "2669"]
[BlackElo "2705"]
[Annotator "TA"]
[PlyCount "97"]
[EventDate "2018.??.??"]
[EventType "team-tourn"]
[EventCountry "ITA"]
[SourceTitle "playchess.com"]
[Source "ChessBase"]
[SourceQuality "1"]

{[%evp 15,97,0,4,0,0,-13,0,0,9,0,0,0,0,0,0,0,0,0,19,0,0,-12,0,0,4,0,0,0,7,-62,-65,-61,-60,-60,-66,-60,-66,-53,-54,-83,-89,-93,-94,-91,-90,-91,-89,-104,-42,-114,-106,-91,-88,-174,-162,-183,-177,-157,-127,-127,-122,-487,-487,-486,-444,-1587,-1409,-1813,-101,-245,0,-1814,-1607,-2337,-2294,-2666,-3548,-12835,-7622,-12840,-12841,-12841,-12841,-12841]} 1. e4 e5 2. Nf3 Nc6 3. d4 exd4 4. Nxd4 Nf6 5. Nxc6 bxc6 6. Bd3 d5 7. exd5 cxd5 8. O-O Be7 {LiveBook: 71 Games} 9. h3 {C45: Scotch Game} O-O 10. Nd2 a5 $146 ({Predecessor:} 10... Re8 11. b3 Bd6 12. Bb2 Be5 13. Bxe5 Rxe5 14. Nf3 Re8 15. Re1 Be6 16. Qd2 Qd6 {1-0 (37) Jobava,B (2690)-Can,I (2389) Villorba 2018}) 11. Re1 {The position is equal.} Bb7 12. Nf3 Ne4 13. Be3 Bf6 14. c3 a4 15. a3 c5 16. Qc2 Qb6 17. Re2 Ba6 18. Ne1 h6 19. Rd1 Rfd8 20. Bxa6 Qxa6 21. Nd3 Qc4 22. Ree1 (22. Bf4 $11) 22... d4 $1 $36 {[%cal Rd4e3][%mdl 2048] Black has good play.} 23. Ne5 $1 {[%cal Re5c4]} Bxe5 24. Qxe4 Bf6 25. cxd4 cxd4 26. Bf4 Qb5 27. Qf3 Qxb2 28. Bxh6 Qc3 {Threatens to win with ...Qxf3.} 29. Bd2 Qxf3 30. gxf3 Rac8 31. Bb4 Rd5 (31... Kh7 $17 32. Kg2 Kg6) 32. Rc1 (32. Kg2 $15) 32... Rxc1 $17 33. Rxc1 {[%mdl 4096] Endgame KRB-KRB} d3 34. Kf1 (34. Kg2 $17) 34... Bg5 $1 $19 {[%cal Rg5c1]} 35. Rc8+ Kh7 {White must now prevent ...d2.} 36. Ke1 Re5+ 37. Kd1 {[#]} Rf5 $1 38. Bd2 $2 {[%mdl 8192] [#]} (38. f4 $17 Bxf4 39. Rc4) 38... Bxd2 $1 39. Kxd2 Rxf3 {KR-KR} 40. Rc4 (40. Ke1 $142 Rxh3 41. Rc3) 40... Rxf2+ 41. Kd1 Rf1+ $2 (41... g5 42. Rxa4 Ra2) 42. Kd2 Rf2+ $2 (42... g5 43. h4 Rf2+ 44. Kxd3 Rf3+ 45. Kd2 f5 46. Rxa4 g4) 43. Kd1 g5 {[%cal Bg7g5,Bg5g4,Bg4g3][%mdl 32] Black is clearly winning.} 44. Rxa4 f5 45. Rd4 Rf3 46. h4 g4 47. Kd2 g3 48. Rd7+ Kh6 49. Rd8 {Precision: White = 40%, Black = 73%.} 0-1

[Event "50th-ITA-ch-Teams-2018"]
[Site "Gallipoli"]
[Date "2018.04.30"]
[Round "5"]
[White "Krasenkow, Michal"]
[Black "Drasko, Milan"]
[Result "1/2-1/2"]
[WhiteElo "2626"]
[BlackElo "2449"]
[Annotator "TA"]
[PlyCount "48"]
[EventDate "2018.??.??"]
[EventType "team-tourn"]
[EventCountry "ITA"]
[SourceTitle "playchess.com"]
[Source "ChessBase"]
[SourceQuality "1"]

{[%evp 21,48,9,17,0,0,-14,4,0,0,-15,-6,-15,-17,-21,-28,-25,-17,-20,-16,-14,-18,-44,-32,-85,-96,-116,-108,-99,-104]} 1. d4 e6 {[%cal Be7e6,Be6e5][%mdl 32]} 2. c4 Nf6 3. g3 Bb4+ 4. Bd2 Qe7 5. Bg2 Nc6 6. e3 e5 7. d5 {E00: Catalan Bogo-Indian (3 g3 Bb4+)} Bxd2+ 8. Qxd2 Nb8 9. Nc3 (9. d6 Qxd6 10. Qxd6 cxd6 11. Nc3 Ke7 12. Nge2 d5 13. Nxd5+ Nxd5 14. Bxd5 d6 {1-0 (37) Kozul,Z (2631)-Jovanovic,Z (2533) Valpovo 2017}) 9... d6 10. Nge2 a5 11. h3 Na6 {LiveBook: 5 Games} 12. g4 Nd7 13. Ng3 Nb6 14. b3 Nc5 15. Nce4 $146 ({Predecessor:} 15. O-O) 15... Nxe4 16. Nxe4 O-O 17. Rc1 Nd7 18. O-O f5 19. gxf5 Rxf5 20. f4 b6 21. Ng3 Rf7 22. f5 (22. Ne4 $15) 22... Qh4 {Black is better.} 23. Qe1 Nc5 {[#] Hoping for ...Nd3.} 24. Rd1 Bd7 {Precision: White = 41%, Black = 79%.} 1/2-1/2

[Event "50th-ITA-ch-Teams-2018"]
[Site "Gallipoli"]
[Date "2018.04.30"]
[Round "5"]
[White "Vocaturo, Daniele"]
[Black "Basso, Pier Luigi"]
[Result "1/2-1/2"]
[WhiteElo "2616"]
[BlackElo "2459"]
[Annotator "TA"]
[PlyCount "119"]
[EventDate "2018.??.??"]
[EventType "team-tourn"]
[EventCountry "ITA"]
[SourceTitle "playchess.com"]
[Source "ChessBase"]
[SourceQuality "1"]

{[%evp 12,119,0,-7,0,18,16,15,15,16,12,12,12,12,19,13,20,4,0,0,10,4,10,0,8,-8,-7,-8,-6,-6,-7,-7,-7,-7,-7,-8,0,-7,0,0,0,0,0,0,0,0,0,0,0,0,8,10,15,1,1,1,1,1,7,8,8,8,8,7,68,62,30,2,7,0,8,8,8,8,94,0,6,0,0,0,0,0,0,0,0,0,0,0,0,0,0,0,0,0,0,0,0,0,0,0,0,0,0,0,0,0,0,0,0,0]} 1. e4 e5 2. Nf3 Nc6 3. Bb5 Nf6 4. O-O Nxe4 5. d4 {[%cal Bd2d4,Bd4e5][%mdl 32]} Nd6 6. dxe5 Nxb5 7. a4 {[#]} Nbd4 $1 {[%mdl 512] C67: Ruy Lopez: Berlin Defence: 4 0-0 Nxe4} 8. Nxd4 d6 (8... Nxd4 9. Qxd4 d5 10. exd6 Qxd6 11. Qe4+ Qe6 12. Qd4 Qd6 13. Qe4+ Qe6 14. Qd4 Qd6 {½-½ (14) Safarli,E (2639)-Mamedyarov,S (2799) Riadh 2017}) 9. Nxc6 bxc6 10. Re1 $146 ({Predecessor:} 10. Qf3 dxe5 11. Qxc6+ Bd7 12. Qe4 Bd6 13. f4 O-O 14. fxe5 Qe7 15. Bf4 {1-0 (32) Zelcic,R (2548)-Loetscher,R (2420) Austria 2015}) 10... dxe5 11. Rxe5+ Be6 12. Qf3 Qd7 13. Nc3 Bd6 14. Re1 O-O 15. Bf4 Rab8 16. b3 Rfe8 17. h3 Bf5 18. Ne4 Rxe4 19. Rxe4 Bxe4 20. Qxe4 Rb4 21. c4 Bxf4 22. Qxf4 Rxb3 $11 {[%mdl 4096] Endgame KQR-KQR} 23. Re1 h6 24. Qe5 $1 Rd3 25. Qe8+ Kh7 26. Qxd7 Rxd7 {KR-KR} 27. Re5 Rd1+ 28. Kh2 f6 29. Rc5 Ra1 30. a5 Ra3 31. h4 {[%cal Bh3h4,Bh4h5][%mdl 32]} Kg6 32. h5+ Kf7 33. Rxc6 Rxa5 34. Rxc7+ Kf8 35. c5 Ra3 36. f3 Rc3 37. Kg3 a5 (37... Rc4 $11) 38. Kf4 $14 a4 {[%cal Ba5a4,Ba4a3,Ba3a2][%mdl 32]} 39. Ke4 a3 {White must now prevent ...Rc4+.} 40. Kd5 a2 41. Ra7 Rc2 42. g4 Rd2+ {[#]} (42... Kg8 $11 {keeps the balance.}) 43. Kc4 ({White should try} 43. Ke6 $1 $16 {Intending Ra8+ and mate.} Kg8 44. Ra8+ Kh7 45. f4) 43... Rc2+ {The position is equal.} 44. Kb5 Ke8 45. Kc6 Rd2 46. f4 Kd8 47. f5 Rb2 48. Kd6 {Threatening mate with Ra8+.} Rd2+ 49. Ke6 Re2+ 50. Kd6 {[%cal Ra7a8]} Rd2+ 51. Kc6 Rb2 52. Ra8+ Ke7 53. Kc7 Rc2 54. Kc6 Rb2 55. Kc7 Rc2 56. c6 Rb2 57. Ra6 Ke8 58. Ra8+ Ke7 59. Ra6 Ke8 60. Ra8+ {Precision: White = 74%, Black = 62%.} 1/2-1/2

[Event "50th-ITA-ch-Teams-2018"]
[Site "Gallipoli"]
[Date "2018.04.30"]
[Round "5"]
[White "Sadzikowski, Daniel"]
[Black "Lazic, Miroljub"]
[Result "1-0"]
[WhiteElo "2582"]
[BlackElo "2497"]
[Annotator "TA"]
[PlyCount "81"]
[EventDate "2018.??.??"]
[EventType "team-tourn"]
[EventCountry "ITA"]
[SourceTitle "playchess.com"]
[Source "ChessBase"]
[SourceQuality "1"]

{[%evp 11,81,22,22,0,28,33,69,62,78,64,67,62,82,44,37,0,0,0,0,13,9,10,10,15,14,0,0,0,4,4,20,0,13,20,29,29,27,27,35,23,40,39,34,27,50,36,66,66,66,66,81,38,85,72,300,279,290,294,357,350,397,373,283,227,360,355,342,327,432,417,760,722]} 1. c4 c6 2. Nf3 d5 3. g3 e6 4. Bg2 Nf6 5. O-O Nbd7 6. d4 Be7 7. a4 {E01: Catalan: Early deviations} (7. Nc3 O-O 8. b3 b6 9. Nd2 Ba6 10. e4 dxc4 11. Nxc4 e5 12. Ne2 Bxc4 13. bxc4 exd4 14. Nxd4 Ne5 15. Bf4 Nfd7 16. Qe2 Bc5 17. Rad1 {½-½ (51) Zhou,W (2635)-Xu,Y (2523) Xinghua 2016}) 7... O-O 8. a5 dxc4 9. Nbd2 {White is slightly better.} b5 10. axb6 $1 Nxb6 11. Ne5 Bd7 $146 ({Predecessor:} 11... Qc7 12. Ndxc4 Nxc4 13. Nxc4 Nd5 14. Bd2 Bd7 15. e4 Nb6 {1-0 (41) Mester,G (2390)-Blasko,I (2050) Eger 1997}) 12. Qc2 Rc8 13. Nxd7 Qxd7 14. Nxc4 Nxc4 15. Qxc4 c5 16. Qa4 Rfd8 17. Qxa7 cxd4 18. Rd1 Rc7 19. Qa6 e5 20. Bd2 {Threatens to win with Ba5.} Rb8 21. b4 h6 22. Rab1 Rb5 23. Rdc1 Rxc1+ 24. Rxc1 Rb8 $1 ({Don't go for} 24... Bxb4 $2 25. Bc6 $18) 25. Qc4 e4 26. Be1 Rd8 27. Rd1 Qa7 28. Qc6 Qa2 29. Bxe4 Qxe2 30. Bf3 Qb2 31. Qc7 Rd7 32. Qc4 $36 {[%mdl 2048] Black is under strong pressure.} d3 $2 {[#]} (32... Rd6 $16) 33. Bc3 $1 $18 {[%cal Rc3b2]} ({Less strong is} 33. Rxd3 Rxd3 34. Qxd3 Bxb4 $14) 33... Qc2 34. Rd2 Qb1+ {[#]} 35. Kg2 $1 Rd8 36. b5 {[%cal Bb4b5,Bb5b6][%mdl 32]} Ne8 37. Bc6 {And now Qe4 would win.} Bg5 (37... Nd6 $142 38. Qxd3 Qxd3 39. Rxd3 Rc8) 38. Bxe8 Rxe8 39. Rxd3 Qc2 {intending ...Be3.} 40. Rf3 Re6 {[#]} (40... Bf6 $142 41. b6 Qe4 42. Qxe4 Rxe4 43. Bxf6 gxf6) 41. b6 $1 {[%mdl 512] Precision: White = 69%, Black = 35%.} 1-0

[Event "50th-ITA-ch-Teams-2018"]
[Site "Gallipoli"]
[Date "2018.04.30"]
[Round "5"]
[White "Vazquez Igarza, Renier"]
[Black "Bertagnolli, Alexander"]
[Result "1-0"]
[WhiteElo "2558"]
[BlackElo "2393"]
[Annotator "TA"]
[PlyCount "57"]
[EventDate "2018.??.??"]
[EventType "team-tourn"]
[EventCountry "ITA"]
[SourceTitle "playchess.com"]
[Source "ChessBase"]
[SourceQuality "1"]

{[%evp 9,57,18,31,36,138,136,176,177,187,187,175,179,222,206,235,224,273,279,284,266,265,281,277,261,264,285,275,279,416,413,413,395,416,406,404,399,405,391,861,850,854,853,890,880,1439,1352,2837,2348,2399,2140]} 1. Nf3 Nf6 2. c4 {[%cal Bc2c4,Bc4b5][%mdl 32]} e6 3. g3 b5 (3... d5 4. Bg2 dxc4 5. Qa4+ c6 6. Qxc4 b5 7. Qb3 Bb7 8. O-O Be7 9. d4 O-O 10. Rd1 Nbd7 11. Ne5 Nxe5 12. dxe5 Nd7 13. Bf4 Qc7 14. Nd2 {0-1 (74) Aronian,L (2794)-Karjakin,S (2763) Berlin 2018}) 4. cxb5 a6 5. Nc3 d5 $146 ({Predecessor:} 5... axb5 6. Nxb5 Ba6 7. Nc3 d5 8. Bg2 Nbd7 9. O-O Bd6 10. d4 O-O 11. Re1 c5 {0-1 (24) Bratanov,Z (2459)-Berescu,A (2511) Predeal 2007}) 6. bxa6 {A13: English Opening: 1...e6} d4 (6... Bxa6 $14 7. Bg2 c5) 7. Qa4+ $16 Bd7 8. Qxd4 {White is clearly better.} Nxa6 9. Qd3 Nb4 10. Qb1 Ra5 11. Bg2 Bc6 12. d3 h5 13. a3 Qa8 14. Bf4 h4 15. O-O ({But not} 15. Bxc7 h3 $18) 15... Nbd5 16. Nxd5 Nxd5 17. Bd2 hxg3 18. hxg3 Nf6 (18... Ra6 {was called for.} 19. Rc1 Nf6) 19. Bxa5 $18 Qxa5 20. Qc1 Ba8 21. Qg5 Qb6 22. Rfc1 Rh5 23. Qf4 Bd6 $2 {[#]} (23... Bc5 24. Ne5 Bd4) 24. Qa4+ {White is clearly winning.} Ke7 25. Qxa8 Bxg3 26. d4 Qb3 27. Ne5 {[#] Intending Nc6+ and mate.} Bxf2+ 28. Kxf2 {Nc6+ would kill now.} Rf5+ 29. Bf3 {Precision: White = 89%, Black = 26%.} 1-0